[Event "CRO-chT2 Qual 1B Liga"]
[Site "Slavonski Brod"]
[Date "2022.11.18"]
[Round "1.3"]
[White "Turdyev, Anvar"]
[Black "Sakelsek, Tadej"]
[Result "1-0"]
[WhiteElo "2391"]
[BlackElo "2438"]
[PlyCount "83"]
[EventDate "2022.11.18"]
[EventType "team-tourn"]
[EventRounds "3"]
[EventCountry "CRO"]
[SourceTitle "EXT 2024"]
[Source "ChessBase"]
[SourceDate "2023.10.10"]
[SourceVersion "1"]
[SourceVersionDate "2023.10.10"]
[SourceQuality "1"]
[WhiteTeam "Dubrovnik"]
[BlackTeam "Zagreb Novi"]
[WhiteTeamCountry "CRO"]
[BlackTeamCountry "CRO"]

1. Nf3 d5 2. d4 Nf6 3. c4 e6 4. g3 Bb4+ 5. Bd2 Be7 6. Bg2 Nbd7 7. 0-0 c6 8. Qc2 0-0 9. Bf4 b6 10. cxd5 cxd5 11. Bc7 Qe8 12. Nc3 Ba6 13. Qa4 Nb8 14. Qxe8 Nxe8 15. Bxb8 Rxb8 16. Ne5 Nf6 17. Rfc1 Rbc8 18. a4 Bd6 19. Nb5 Bxb5 20. axb5 Bxe5 21. dxe5 Ng4 22. f4 f6 23. exf6 Rxc1+ 24. Rxc1 gxf6 25. f5 exf5 26. Bxd5+ Kg7 27. Rc7+ Kg6 28. Rxa7 Rd8 29. Bf7+ Kh6 30. h3 Ne5 31. Be6 Kg6 32. Kf2 h5 33. Rb7 Rd6 34. Bg8 Nd7 35. h4 Kg7 36. Bc4 Kg6 37. Rc7 Ne5 38. Bg8 Nd7 39. b3 Rd4 40. e3 Rd6 41. Ke2 Kg7 42. Rc6 1-0

[Event "SLO-chT 32nd"]
[Site "Ljubljana"]
[Date "2022.10.28"]
[Round "7.2"]
[White "Sakelsek, Tadej"]
[Black "Belsak, Zan"]
[Result "1-0"]
[WhiteElo "2434"]
[BlackElo "2107"]
[PlyCount "81"]
[EventDate "2022.09.02"]
[EventType "team-tourn"]
[EventRounds "9"]
[EventCountry "SLO"]
[SourceTitle "EXT 2024"]
[Source "ChessBase"]
[SourceDate "2023.10.10"]
[SourceVersion "1"]
[SourceVersionDate "2023.10.10"]
[SourceQuality "1"]
[WhiteTeam "Maribor ZSK"]
[BlackTeam "Ptuj"]
[WhiteTeamCountry "SVK"]
[BlackTeamCountry "SLO"]

1. e4 e5 2. Nf3 Nc6 3. Bc4 Bc5 4. c3 Nf6 5. d3 d6 6. 0-0 0-0 7. Bg5 h6 8. Bh4 a6 9. a4 Ba7 10. Nbd2 Qe7 11. Re1 Be6 12. b4 Bxc4 13. Nxc4 Qe6 14. b5 Ne7 15. Bxf6 Qxf6 16. d4 Ng6 17. Rb1 axb5 18. axb5 Bb6 19. Ne3 Qe6 20. Nd5 Ne7 21. Qb3 exd4 22. Nxd4 Bxd4 23. Nxe7+ Qxe7 24. cxd4 Rfe8 25. d5 c6 26. dxc6 bxc6 27. b6 Reb8 28. Qc4 Qb7 29. Rb3 Ra6 30. Reb1 d5 31. exd5 cxd5 32. Qd4 f6 33. h4 Kh8 34. Rb5 Rd8 35. Rc1 Qd7 36. Rcc5 Qe6 37. b7 Rb6 38. Rxb6 Qxb6 39. Rc8 Qxd4 40. Rxd8+ Kh7 41. b8Q 1-0

[Event "AUT-chT2M 2223"]
[Site "Austria"]
[Date "2022.10.02"]
[Round "3.3"]
[White "Praznik, Niko"]
[Black "Sakelsek, Tadej"]
[Result "1/2-1/2"]
[WhiteElo "2324"]
[BlackElo "2438"]
[PlyCount "96"]
[EventDate "2022.09.30"]
[EventType "team-tourn"]
[EventRounds "11"]
[EventCountry "AUT"]
[SourceTitle "CBM 210 Extra"]
[Source "ChessBase"]
[SourceDate "2022.11.30"]
[SourceVersion "1"]
[SourceVersionDate "2022.11.30"]
[SourceQuality "1"]
[WhiteTeam "St Veit/Glan"]
[BlackTeam "Gamlitz"]
[WhiteTeamCountry "AUT"]
[BlackTeamCountry "AUT"]

1. Nf3 Nf6 2. c4 e6 3. b3 d5 4. Bb2 Be7 5. g3 b6 6. Bg2 Bb7 7. 0-0 dxc4 8. bxc4 c5 9. a4 Nc6 10. Ne5 Qc7 11. Nxc6 Bxc6 12. Bxc6+ Qxc6 13. Nc3 a6 14. Qb3 0-0 15. a5 b5 16. cxb5 axb5 17. Qxb5 Qxb5 18. Nxb5 Rfb8 19. Bxf6 Bxf6 20. Nc3 Bxc3 21. dxc3 Rb5 22. Rfb1 Raxa5 23. Rxb5 Rxa1+ 24. Kg2 h5 25. Rxc5 Rc1 26. h4 g6 27. Kf3 Kg7 28. Kf4 Kf6 29. Rc6 Rc2 30. Ke3 Rc1 31. Rc7 Rc2 32. c4 Rc1 33. c5 Rc2 34. Kd3 Rc1 35. Kd2 Rc4 36. f3 e5 37. Rc6+ Ke7 38. Kd3 Rc1 39. Ke4 f6 40. Ke3 Rc3+ 41. Kd2 Rc4 42. Rc7+ Ke6 43. Rg7 Rxc5 44. g4 Rc4 45. Rxg6 Kf7 46. gxh5 Rxh4 47. Rh6 Kg7 48. Rg6+ Kf7 1/2-1/2

[Event "AUT-chT2M 2223"]
[Site "Austria"]
[Date "2022.09.30"]
[Round "1.3"]
[White "Hoefelsauer, Thomas"]
[Black "Sakelsek, Tadej"]
[Result "0-1"]
[WhiteElo "2322"]
[BlackElo "2438"]
[PlyCount "77"]
[EventDate "2022.09.30"]
[EventType "team-tourn"]
[EventRounds "11"]
[EventCountry "AUT"]
[SourceTitle "CBM 210 Extra"]
[Source "ChessBase"]
[SourceDate "2022.11.30"]
[SourceVersion "1"]
[SourceVersionDate "2022.11.30"]
[SourceQuality "1"]
[WhiteTeam "Raika Feffernitz II"]
[BlackTeam "Gamlitz"]
[WhiteTeamCountry "AUT"]
[BlackTeamCountry "AUT"]

1. Nf3 Nf6 2. c4 e6 3. Nc3 d5 4. e3 Nbd7 5. b3 c6 6. d4 Bd6 7. Be2 0-0 8. 0-0 b6 9. Bb2 Bb7 10. Rc1 Qe7 11. Qc2 Rad8 12. Rfd1 Rfe8 13. h3 a6 14. e4 Nxe4 15. Nxe4 dxe4 16. Qxe4 Nf6 17. Qe3 Ba3 18. Rc2 Bxb2 19. Rxb2 c5 20. Rbd2 Ne4 21. Rd3 Qc7 22. Ng5 Nxg5 23. Qxg5 f6 24. Qd2 Be4 25. Bh5 Bxd3 26. Bxe8 Bf5 27. g4 Rxd4 28. Qe1 Rxd1 29. Qxd1 Be4 30. Qe2 Qf4 31. Qd1 Qf3 32. Qxf3 Bxf3 33. Kh2 Kf8 34. Ba4 g5 35. Kg3 Be4 36. f4 Ke7 37. h4 h6 38. fxg5 Bg6 39. gxf6+ 0-1

[Event "SLO-chT NML 31st"]
[Site "Ptuj/Grosuplje"]
[Date "2021.10.17"]
[Round "6.3"]
[White "Sakelsek, Tadej"]
[Black "Borisek, Jure"]
[Result "1/2-1/2"]
[WhiteElo "2426"]
[BlackElo "2591"]
[PlyCount "62"]
[EventDate "2021.10.08"]
[EventType "team-tourn"]
[EventRounds "9"]
[EventCountry "SLO"]
[SourceTitle "EXT 2023"]
[Source "ChessBase"]
[SourceDate "2022.10.05"]
[SourceVersion "1"]
[SourceVersionDate "2022.10.05"]
[SourceQuality "1"]
[WhiteTeam "Maribor Poligram"]
[BlackTeam "Ljubljana Tajfun"]
[WhiteTeamCountry "SLO"]
[BlackTeamCountry "SLO"]

1. e4 e5 2. Nf3 Nf6 3. Nxe5 d6 4. Nf3 Nxe4 5. Qe2 Qe7 6. d3 Nf6 7. Qxe7+ Bxe7 8. Nc3 c6 9. Ne4 d5 10. Nxf6+ Bxf6 11. c3 Bf5 12. Be3 Nd7 13. 0-0-0 0-0 14. h3 Ne5 15. Nxe5 Bxe5 16. Be2 Rfe8 17. d4 Bd6 18. Rhe1 h6 19. Bf3 Be4 20. Bxe4 Rxe4 21. f3 Re6 22. Bf2 Rae8 23. Kd2 Rxe1 24. Rxe1 Rxe1 25. Bxe1 h5 26. g4 g6 27. Kd3 f5 28. gxf5 gxf5 29. b3 Kf7 30. c4 Ke6 31. Bh4 Bf8 1/2-1/2

[Event "SLO-chT NML 31st"]
[Site "Ptuj/Grosuplje"]
[Date "2021.10.08"]
[Round "1.5"]
[White "Vombek, Danijel"]
[Black "Sakelsek, Tadej"]
[Result "1/2-1/2"]
[WhiteElo "2274"]
[BlackElo "2426"]
[PlyCount "60"]
[EventDate "2021.10.08"]
[EventType "team-tourn"]
[EventRounds "9"]
[EventCountry "SLO"]
[SourceTitle "EXT 2023"]
[Source "ChessBase"]
[SourceDate "2022.10.05"]
[SourceVersion "1"]
[SourceVersionDate "2022.10.05"]
[SourceQuality "1"]
[WhiteTeam "Maribor Branik"]
[BlackTeam "Maribor Poligram"]
[WhiteTeamCountry "SLO"]
[BlackTeamCountry "SLO"]

1. e4 c5 2. Nc3 Nc6 3. f4 g6 4. Nf3 Bg7 5. Bc4 e6 6. f5 Nge7 7. fxe6 dxe6 8. d3 0-0 9. Bg5 Na5 10. Bb3 Qc7 11. Qd2 Nxb3 12. axb3 f6 13. Be3 e5 14. Na4 b6 15. b4 cxb4 16. Nxb6 Rb8 17. Nxc8 Nxc8 18. 0-0 a5 19. d4 Rd8 20. d5 Nd6 21. Qd3 Rdc8 22. Rfc1 Nc4 23. b3 Nd6 24. Ra2 Bf8 25. Nd2 f5 26. Rf1 Qd8 27. exf5 Rc3 28. Qe2 Nxf5 29. Bf2 Qxd5 30. Nc4 Rb5 1/2-1/2

[Event "SLO-chT 29th"]
[Site "Slovenia"]
[Date "2019.12.22"]
[Round "9.1"]
[White "Vombek, Danijel"]
[Black "Sakelsek, Tadej"]
[Result "1/2-1/2"]
[WhiteElo "2283"]
[BlackElo "2426"]
[PlyCount "106"]
[EventDate "2019.09.06"]
[EventType "team-tourn"]
[EventRounds "9"]
[EventCountry "SLO"]
[SourceTitle "CBM 195 Extra"]
[Source "ChessBase"]
[SourceDate "2020.05.31"]
[SourceVersion "1"]
[SourceVersionDate "2020.05.31"]
[SourceQuality "1"]
[WhiteTeam "Branik"]
[BlackTeam "Maribor"]
[WhiteTeamCountry "SLO"]
[BlackTeamCountry "SLO"]

1. e4 e5 2. Nf3 Nc6 3. Bb5 a6 4. Bxc6 dxc6 5. Nc3 Bd6 6. d4 exd4 7. Nxd4 Ne7 8. Be3 c5 9. Nde2 Nc6 10. Bf4 Be6 11. Bxd6 Qxd6 12. Qxd6 cxd6 13. 0-0-0 0-0-0 14. Nf4 b5 15. Rd2 g5 16. Nfd5 b4 17. Ne2 f5 18. exf5 Bxd5 19. Rxd5 Ne7 20. Rd2 Nxf5 21. f4 gxf4 22. Nxf4 Rhe8 23. Rd5 Ne3 24. Rh5 Re4 25. Re1 Rde8 26. g3 R4e7 27. b3 Kd7 28. Re2 Kc6 29. Rd2 a5 30. Nd5 Nxd5 31. Rhxd5 Re6 32. Rh5 h6 33. Kb2 Rf8 34. Rhd5 Rf1 35. c4 bxc3+ 36. Kxc3 Rc1+ 37. Kb2 Rce1 38. Rh5 R1e5 39. Rh4 d5 40. Ra4 Kb5 41. Rf4 d4 42. Rf8 a4 43. Rb8+ Rb6 44. Ra8 axb3 45. axb3 Kc6 46. Rc2 h5 47. Rc8+ Kd6 48. Rh8 Rb5 49. Rh6+ Kd5 50. Rh8 Rf5 51. Rd8+ Ke4 52. Re8+ Kf3 53. Re1 Kg4 1/2-1/2

[Event "Bled Planinc Memorial 1st"]
[Site "Bled"]
[Date "2018.11.24"]
[Round "4"]
[White "Mejak, George"]
[Black "Sakelsek, Tadej"]
[Result "0-1"]
[WhiteElo "2062"]
[BlackElo "2423"]
[PlyCount "86"]
[EventDate "2018.11.24"]
[EventType "swiss (blitz)"]
[EventRounds "9"]
[EventCountry "SLO"]
[SourceTitle "CBM 187 Extra"]
[Source "ChessBase"]
[SourceDate "2018.11.04"]
[SourceVersion "1"]
[SourceVersionDate "2018.11.04"]
[SourceQuality "1"]

1. d4 Nf6 2. c4 e6 3. Nc3 Bb4 4. Qc2 0-0 5. a3 Bxc3+ 6. Qxc3 d6 7. g3 Nbd7 8. Bg2 Re8 9. Nf3 e5 10. 0-0 e4 11. Ne1 c6 12. b4 d5 13. Nc2 Nf8 14. a4 Ng6 15. a5 dxc4 16. Qxc4 a6 17. Rd1 Be6 18. Qc5 Bg4 19. Bf1 Nd5 20. Ne3 Be6 21. Bg2 Nxe3 22. Bxe3 Bd5 23. Ra3 f5 24. Bf4 Qf6 25. Qd6 Nxf4 26. Qxf4 g5 27. Qc1 f4 28. e3 f3 29. Bf1 Qe6 30. Rc3 Rf8 31. Rc5 Rf6 32. Bc4 Rh6 33. Rxd5 cxd5 34. Bf1 Rc8 35. Qb2 Qc6 36. b5 axb5 37. Bxb5 Qc2 38. Qa1 g4 39. Ba4 Qc3 40. Qa2 Qxa5 41. Bb3 Qxa2 42. Bxa2 Rd6 43. h4 Rc2 0-1

[Event "Bled Planinc Memorial 1st"]
[Site "Bled"]
[Date "2018.11.24"]
[Round "8"]
[White "Wahlbom, Magnus"]
[Black "Sakelsek, Tadej"]
[Result "0-1"]
[WhiteElo "2173"]
[BlackElo "2423"]
[PlyCount "46"]
[EventDate "2018.11.24"]
[EventType "swiss (blitz)"]
[EventRounds "9"]
[EventCountry "SLO"]
[SourceTitle "CBM 187 Extra"]
[Source "ChessBase"]
[SourceDate "2018.11.04"]
[SourceVersion "1"]
[SourceVersionDate "2018.11.04"]
[SourceQuality "1"]

1. e4 c5 2. Nf3 Nc6 3. d4 cxd4 4. Nxd4 Qc7 5. Nc3 e6 6. g3 a6 7. Bg2 d6 8. 0-0 Bd7 9. Be3 Nf6 10. Qe2 Be7 11. Rad1 0-0 12. f4 Rac8 13. g4 Nxd4 14. Bxd4 e5 15. g5 exd4 16. gxf6 dxc3 17. fxe7 Rfe8 18. f5 Bb5 19. Qg4 Bxf1 20. f6 g6 21. Bxf1 cxb2 22. Qh4 Qc5+ 23. Kh1 h5 0-1

[Event "SLO-chT 28th"]
[Site "Slovenia"]
[Date "2018.11.11"]
[Round "6.2"]
[White "Sakelsek, Tadej"]
[Black "Simic, Dragan"]
[Result "1-0"]
[WhiteElo "2423"]
[BlackElo "2179"]
[PlyCount "61"]
[EventDate "2018.11.02"]
[EventType "team-tourn"]
[EventRounds "9"]
[EventCountry "SLO"]
[SourceTitle "CBM 187 Extra"]
[Source "ChessBase"]
[SourceDate "2018.11.04"]
[SourceVersion "1"]
[SourceVersionDate "2018.11.04"]
[SourceQuality "1"]
[WhiteTeam "Maribor"]
[BlackTeam "Maribor Branik"]
[WhiteTeamCountry "SLO"]
[BlackTeamCountry "SLO"]

1. e4 c5 2. Nf3 e6 3. d4 cxd4 4. Nxd4 a6 5. c4 Nf6 6. Nc3 Qc7 7. a3 d6 8. Be3 Be7 9. Be2 0-0 10. 0-0 b6 11. Rc1 Bb7 12. f3 Nbd7 13. b4 Rac8 14. Qd2 Qb8 15. Rc2 Rfd8 16. Rb1 Bf8 17. Nb3 d5 18. cxd5 exd5 19. Nxd5 Nxd5 20. Rxc8 Rxc8 21. exd5 Nf6 22. Bxb6 Nxd5 23. Bc5 Qe5 24. Bd4 Qf5 25. Bd3 Qh5 26. Nc5 Bd6 27. g4 Bxc5 28. bxc5 Qh3 29. Be4 Ba8 30. Bxd5 Bxd5 31. Qg5 1-0

[Event "SLO-chT 28th"]
[Site "Slovenia"]
[Date "2018.11.04"]
[Round "3.5"]
[White "Serdt, Simon"]
[Black "Sakelsek, Tadej"]
[Result "0-1"]
[WhiteElo "2208"]
[BlackElo "2423"]
[PlyCount "114"]
[EventDate "2018.11.02"]
[EventType "team-tourn"]
[EventRounds "9"]
[EventCountry "SLO"]
[SourceTitle "CBM 187 Extra"]
[Source "ChessBase"]
[SourceDate "2018.11.04"]
[SourceVersion "1"]
[SourceVersionDate "2018.11.04"]
[SourceQuality "1"]
[WhiteTeam "Slovenska Bistrica Impol"]
[BlackTeam "Maribor"]
[WhiteTeamCountry "SLO"]
[BlackTeamCountry "SLO"]

1. d4 Nf6 2. c4 e6 3. Nc3 Bb4 4. e3 0-0 5. Bd3 d5 6. Nge2 c5 7. 0-0 cxd4 8. exd4 dxc4 9. Bxc4 Nbd7 10. a3 Be7 11. Nf4 Nb6 12. Ba2 Bd7 13. d5 exd5 14. Nfxd5 Nbxd5 15. Nxd5 Bc6 16. Nxe7+ Qxe7 17. Bg5 Qe5 18. Bxf6 Qxf6 19. Qb3 Rad8 20. Rad1 g6 21. h3 h5 22. Qc3 Qxc3 23. bxc3 Rfe8 24. Bb3 Rxd1 25. Rxd1 Re5 26. a4 Kg7 27. h4 Re4 28. Rd4 Re1+ 29. Kh2 Rc1 30. Rd3 Ra1 31. Rd4 Ra3 32. Rb4 a5 33. Rb6 Kf6 34. Bd5 Rxc3 35. Bxc6 bxc6 36. Ra6 Rc5 37. Ra7 Ke6 38. f3 f6 39. Kg3 Ke5 40. Rg7 Kf5 41. Ra7 Ke5 42. Rg7 Rd5 43. Rxg6 c5 44. Rh6 Kd4 45. Rxf6 c4 46. Kf4 c3 47. Rc6 Kd3 48. g4 Rd4+ 49. Kf5 Rc4 50. Rd6+ Ke2 51. Re6+ Kf2 52. Rd6 c2 53. Rd2+ Kxf3 54. Rxc2 Rxc2 55. gxh5 Rc4 56. h6 Rxh4 57. Kg5 Kg3 0-1

[Event "St Veit op 37th"]
[Site "St Veit"]
[Date "2018.07.10"]
[Round "5"]
[White "Trussevich, Sergey"]
[Black "Sakelsek, Tadej"]
[Result "0-1"]
[WhiteElo "2248"]
[BlackElo "2422"]
[PlyCount "110"]
[EventDate "2018.07.07"]
[EventType "swiss"]
[EventRounds "9"]
[EventCountry "AUT"]
[SourceTitle "EXT 2019"]
[Source "ChessBase"]
[SourceDate "2018.10.10"]
[SourceVersion "1"]
[SourceVersionDate "2018.10.10"]
[SourceQuality "1"]

1. Nf3 Nf6 2. d3 d5 3. c3 c5 4. Qc2 g6 5. e4 Bg7 6. Be2 0-0 7. 0-0 Nc6 8. Re1 e5 9. a3 Re8 10. Nbd2 b6 11. Rb1 Bb7 12. Bf1 Rc8 13. b3 b5 14. exd5 Nxd5 15. c4 Nd4 16. Nxd4 cxd4 17. Bb2 b4 18. axb4 Nxb4 19. Qd1 f5 20. Ra1 Qb6 21. Qb1 Bh6 22. Nf3 Bxf3 23. gxf3 Nc6 24. Qa2 a5 25. c5 Qb4 26. Bc1 Bxc1 27. Rexc1 Kg7 28. Rc4 Qb8 29. Qa4 Qc7 30. Bg2 f4 31. Bh3 Rb8 32. Qa2 Kf6 33. Ra4 Nb4 34. Qd2 Rb5 35. c6 Qxc6 36. Rxa5 Rxa5 37. Rxa5 Qc3 38. Qe2 Nxd3 39. Ra6+ Kg7 40. Bf1 Ne1 41. Ra7+ Kh6 42. Qb5 Nxf3+ 43. Kg2 Nh4+ 44. Kg1 Qc8 45. h3 Nf5 46. Qd5 Qd8 47. Qf7 Qg5+ 48. Kh1 Re7 49. Qf8+ Kh5 50. Be2+ Kh4 51. Ra5 Rc7 52. Bg4 Rc1+ 53. Kg2 f3+ 54. Kxf3 Qf4+ 55. Ke2 Qe4+ 0-1

[Event "St Veit op 37th"]
[Site "St Veit"]
[Date "2018.07.09"]
[Round "4"]
[White "Sakelsek, Tadej"]
[Black "Mostbauer, Florian"]
[Result "1/2-1/2"]
[WhiteElo "2422"]
[BlackElo "2319"]
[PlyCount "112"]
[EventDate "2018.07.07"]
[EventType "swiss"]
[EventRounds "9"]
[EventCountry "AUT"]
[SourceTitle "EXT 2019"]
[Source "ChessBase"]
[SourceDate "2018.10.10"]
[SourceVersion "1"]
[SourceVersionDate "2018.10.10"]
[SourceQuality "1"]

1. e4 c6 2. d4 d5 3. Nc3 dxe4 4. Nxe4 Nf6 5. Nxf6+ exf6 6. c3 Bd6 7. Bd3 0-0 8. Ne2 Re8 9. Qc2 g6 10. 0-0 Qc7 11. h3 Nd7 12. c4 c5 13. b3 cxd4 14. Nxd4 Nc5 15. Bb2 Nxd3 16. Qxd3 Bd7 17. Nf3 Bf5 18. Qc3 Be5 19. Nxe5 fxe5 20. Rfe1 Rad8 21. Rxe5 Qxe5 22. Qxe5 Rxe5 23. Bxe5 Bc2 24. Re1 Rd1 25. Rxd1 Bxd1 26. Kf1 Bc2 27. Ke2 h5 28. Kd2 Bb1 29. a4 Kf8 30. b4 Ke7 31. b5 a6 32. Kc3 Kd7 33. f3 Bf5 34. c5 axb5 35. axb5 Be6 36. Kb4 Bd5 37. h4 Be6 38. Ka5 Bc4 39. Kb6 Bf1 40. Bf6 Kc8 41. g3 Be2 42. f4 Bd3 43. c6 bxc6 44. bxc6 Bf5 45. Kc5 Be6 46. Kd6 Bb3 47. Be5 Bc4 48. Ke7 Bb3 49. Kf6 Bc4 50. Kg5 Be6 51. Bd6 Kd8 52. Kf6 Bc4 53. g4 hxg4 54. f5 Bd3 55. Bf4 Bc2 56. Kg5 Ke8 1/2-1/2

[Event "St Veit op 37th"]
[Site "St Veit"]
[Date "2018.07.07"]
[Round "1"]
[White "Smole, Albert"]
[Black "Sakelsek, Tadej"]
[Result "0-1"]
[WhiteElo "2040"]
[BlackElo "2422"]
[PlyCount "88"]
[EventDate "2018.07.07"]
[EventType "swiss"]
[EventRounds "9"]
[EventCountry "AUT"]
[SourceTitle "EXT 2019"]
[Source "ChessBase"]
[SourceDate "2018.10.10"]
[SourceVersion "1"]
[SourceVersionDate "2018.10.10"]
[SourceQuality "1"]

1. e4 e5 2. Nf3 Nc6 3. c3 d5 4. Qa4 f6 5. d3 a6 6. Be2 Bc5 7. 0-0 Nge7 8. Nbd2 Be6 9. Qc2 0-0 10. Rd1 Ba7 11. Nf1 d4 12. Bd2 b5 13. a4 Qd6 14. Rdc1 Bb6 15. cxd4 exd4 16. a5 Ba7 17. b4 Rac8 18. Qb2 Ne5 19. Ne1 f5 20. exf5 Nxf5 21. Ng3 Nxg3 22. hxg3 Bd5 23. Bf4 Qf6 24. Nf3 Nxf3+ 25. Bxf3 Bxf3 26. gxf3 c5 27. bxc5 Bxc5 28. Qb3+ Qf7 29. Qxf7+ Kxf7 30. Rc2 Bb4 31. Raa2 Rxc2 32. Rxc2 Bc3 33. Rc1 Ke6 34. Kg2 Kd5 35. Bc7 b4 36. Rb1 Re8 37. f4 Re1 38. Rb3 Kc5 39. f5 Kb5 40. g4 Ka4 41. Rxc3 dxc3 42. g5 c2 43. Bf4 c1Q 44. Bxc1 Rxc1 0-1

[Event "SLO-chT 22th"]
[Site "Ljubljana"]
[Date "2012.12.07"]
[Round "8"]
[White "Sakelsek, Tadej"]
[Black "Skrinjar, Matic"]
[Result "1-0"]
[WhiteElo "2438"]
[BlackElo "2058"]
[PlyCount "75"]
[EventDate "2012.11.23"]
[EventType "team-tourn"]
[EventRounds "9"]
[EventCountry "SLO"]
[SourceTitle "CBM 151 Extra"]
[Source "ChessBase"]
[SourceDate "2012.12.18"]
[SourceVersion "1"]
[SourceVersionDate "2012.12.18"]
[SourceQuality "1"]
[WhiteTeam "Maribor ZSK"]
[BlackTeam "Nova Gorica"]
[WhiteTeamCountry "SLO"]
[BlackTeamCountry "SLO"]

1. d4 Nf6 2. c4 c5 3. d5 e6 4. Nc3 exd5 5. cxd5 d6 6. Nf3 g6 7. Nd2 Nbd7 8. e4 Bg7 9. Be2 0-0 10. 0-0 Re8 11. a4 a6 12. Qc2 Rb8 13. Ra3 h6 14. f4 Nf8 15. h3 Bd7 16. a5 N6h7 17. Nf3 Qc8 18. e5 b5 19. axb6 Rxb6 20. Bc4 Bb5 21. b3 dxe5 22. fxe5 Bxe5 23. Nxe5 Rxe5 24. Bxh6 g5 25. Bxf8 Nxf8 26. Qd3 Qe8 27. d6 Bxc4 28. bxc4 Re6 29. Qg3 Rbxd6 30. Nd5 Nd7 31. Nc7 Qe7 32. Nxe6 Rxe6 33. Rd3 Nb6 34. Qb8+ Kg7 35. Rd8 f6 36. Rg8+ Kh7 37. Rh8+ Kg6 38. Qg8+ 1-0

[Event "SLO-chT 22th"]
[Site "Ljubljana"]
[Date "2012.12.01"]
[Round "5"]
[White "Sakelsek, Tadej"]
[Black "Mejak, Severin"]
[Result "1/2-1/2"]
[WhiteElo "2438"]
[BlackElo "2071"]
[PlyCount "73"]
[EventDate "2012.11.23"]
[EventType "team-tourn"]
[EventRounds "9"]
[EventCountry "SLO"]
[SourceTitle "CBM 151 Extra"]
[Source "ChessBase"]
[SourceDate "2012.12.18"]
[SourceVersion "1"]
[SourceVersionDate "2012.12.18"]
[SourceQuality "1"]
[WhiteTeam "Maribor ZSK"]
[BlackTeam "Novo Mesto Krka"]
[WhiteTeamCountry "SLO"]
[BlackTeamCountry "SLO"]

1. d4 d5 2. c4 e6 3. Nf3 Nf6 4. e3 Be7 5. b3 0-0 6. Bb2 b6 7. Bd3 Bb7 8. 0-0 Nbd7 9. Nc3 c5 10. Qe2 Rc8 11. Rac1 Qc7 12. cxd5 exd5 13. Rfd1 Qb8 14. Bf5 Rcd8 15. Ba3 Rfe8 16. Bxd7 Nxd7 17. dxc5 Nxc5 18. Bb2 Ne6 19. Nb5 Ba6 20. a4 Qb7 21. Nfd4 Bc5 22. Qg4 Bxb5 23. Nxb5 a6 24. Nd4 Bxd4 25. Bxd4 Rc8 26. h3 b5 27. axb5 axb5 28. Rxc8 Rxc8 29. Qf5 h6 30. Bb2 Rd8 31. Qe5 Qc6 32. Rc1 Qd6 33. Kf1 Qxe5 34. Bxe5 d4 35. exd4 f6 36. d5 Rxd5 37. Bc3 1/2-1/2

[Event "SLO-chT 22th"]
[Site "Ljubljana"]
[Date "2012.11.23"]
[Round "1"]
[White "Bozic, Marjan"]
[Black "Sakelsek, Tadej"]
[Result "0-1"]
[WhiteElo "2086"]
[BlackElo "2438"]
[PlyCount "126"]
[EventDate "2012.11.23"]
[EventType "team-tourn"]
[EventRounds "9"]
[EventCountry "SLO"]
[SourceTitle "CBM 151 Extra"]
[Source "ChessBase"]
[SourceDate "2012.12.18"]
[SourceVersion "1"]
[SourceVersionDate "2012.12.18"]
[SourceQuality "1"]
[WhiteTeam "Krsko Triglav"]
[BlackTeam "Maribor ZSK"]
[WhiteTeamCountry "SLO"]
[BlackTeamCountry "SLO"]

1. e4 e5 2. Nf3 Nc6 3. Bb5 Nge7 4. 0-0 g6 5. c3 Bg7 6. d4 exd4 7. Nxd4 0-0 8. Be3 a6 9. Be2 d6 10. f4 f5 11. exf5 Nxf5 12. Nxf5 Bxf5 13. Bf3 Kh8 14. Na3 Qd7 15. Nc2 Rae8 16. Re1 Be4 17. Bg4 Qf7 18. g3 Re7 19. Nd4 Rfe8 20. Nxc6 Bxc6 21. Bf2 Rxe1+ 22. Bxe1 h5 23. Bf3 Rxe1+ 24. Qxe1 Bxf3 25. Qd2 d5 26. Re1 Be4 27. Qe3 b6 28. a4 a5 29. h3 Qd7 30. Kh2 Qxa4 31. g4 Qc2+ 32. Re2 Qb1 33. gxh5 gxh5 34. Kg3 Bf6 35. f5 Qd3 36. Qxd3 Bxd3 37. Re8+ Kg7 38. Kf4 c5 39. Rb8 d4 40. Rb7+ Kg8 41. cxd4 Bxd4 42. Rxb6 c4 43. Rb7 Bf6 44. Rb6 Kf7 45. Rb7+ Ke8 46. Rb6 Bd4 47. Rb5 Kf7 48. Kg5 Be3+ 49. Kh4 Kf6 50. Rxa5 Bg5+ 51. Kg3 h4+ 52. Kf3 Bxf5 53. Ra6+ Kf7 54. Ra5 Kg6 55. Rc5 Be6 56. Ke4 Bf6 57. Rc6 Kf7 58. Rc7+ Ke8 59. Rb7 Bxh3 60. Rb6 Kf7 61. b4 c3 62. Rb7+ Kg6 63. Rc7 Bg2+ 0-1

[Event "Graz op-A 19th"]
[Site "Graz"]
[Date "2012.09.02"]
[Round "9"]
[White "Hera, Imre Jr"]
[Black "Sakelsek, Tadej"]
[Result "1-0"]
[WhiteElo "2568"]
[BlackElo "2438"]
[PlyCount "105"]
[EventDate "2012.08.25"]
[EventType "swiss"]
[EventRounds "9"]
[EventCountry "AUT"]
[SourceTitle "CBM 150 Extra"]
[Source "ChessBase"]
[SourceDate "2012.10.19"]
[SourceVersion "1"]
[SourceVersionDate "2012.10.19"]
[SourceQuality "1"]

1. d4 d5 2. c4 c6 3. Nc3 Nf6 4. e3 e6 5. Nf3 Nbd7 6. Be2 Bd6 7. b3 0-0 8. Bb2 Ne4 9. Rc1 f5 10. Rc2 Qe7 11. 0-0 b6 12. Bd3 Bb7 13. Ne2 c5 14. Ne5 cxd4 15. Nxd7 Qxd7 16. Bxe4 dxe4 17. Nxd4 Rad8 18. Qa1 a6 19. Ne2 f4 20. exf4 Bxf4 21. Nxf4 Rxf4 22. Bc1 Rff8 23. Bg5 Rde8 24. Be3 Qc6 25. Qd4 b5 26. Rd1 e5 27. Qb2 Rd8 28. Rxd8 Rxd8 29. h3 bxc4 30. Rxc4 Qe6 31. Rc7 Rd7 32. Rxd7 Qxd7 33. Qxe5 h6 34. Bd4 Kh7 35. Kf1 Qf7 36. Ke1 Qg6 37. g4 e3 38. f4 Qb1+ 39. Ke2 Qc2+ 40. Kxe3 Qc1+ 41. Kf2 Qd2+ 42. Kg3 Qd3+ 43. Kh4 Qg6 44. Qe7 Bd5 45. f5 Qf7 46. Qxf7 Bxf7 47. Kg3 g6 48. Kf4 gxf5 49. gxf5 Kg8 50. Ke5 Be8 51. Kf6 h5 52. Ke7 Bc6 53. b4 1-0

[Event "Graz op-A 19th"]
[Site "Graz"]
[Date "2012.08.26"]
[Round "2"]
[White "Spindelboeck, Gernot"]
[Black "Sakelsek, Tadej"]
[Result "1-0"]
[WhiteElo "2227"]
[BlackElo "2438"]
[PlyCount "51"]
[EventDate "2012.08.25"]
[EventType "swiss"]
[EventRounds "9"]
[EventCountry "AUT"]
[SourceTitle "CBM 150 Extra"]
[Source "ChessBase"]
[SourceDate "2012.10.19"]
[SourceVersion "1"]
[SourceVersionDate "2012.10.19"]
[SourceQuality "1"]

1. d4 Nf6 2. c4 e6 3. Nc3 Bb4 4. e3 0-0 5. Nf3 d5 6. Bd3 c5 7. 0-0 Nc6 8. a3 Bxc3 9. bxc3 dxc4 10. Bxc4 Qc7 11. Bd3 e5 12. Qc2 Re8 13. e4 exd4 14. cxd4 Bg4 15. e5 Bxf3 16. exf6 Nxd4 17. Bxh7+ Kh8 18. fxg7+ Kxg7 19. Bb2 Rad8 20. gxf3 Rh8 21. Kh1 Kf8 22. Qd3 c4 23. Qe4 f5 24. Qh4 Rxh7 25. Qf6+ Rf7 26. Qh6+ 1-0